Modification of the Braking system of SMK Aircraft to Enhance its Effectiveness and Reduce the Braking Distance (With CD) (Record no. 323452)
[ view plain ]
| 000 -LEADER | |
|---|---|
| fixed length control field | 00436 a2200145 4500 |
| 001 - CONTROL NUMBER | |
| control field | 88379 |
| 082 ## - DEWEY DECIMAL CLASSIFICATION NUMBER | |
| Classification number | PR-589 |
| 090 ## - LOCALLY ASSIGNED LC-TYPE CALL NUMBER (OCLC); LOCAL CALL NUMBER (RLIN) | |
| -- | 41803 |
| -- | 41803 |
| 100 ## - MAIN ENTRY--PERSONAL NAME | |
| Personal name | Kazim Raza Syed |
| 245 ## - TITLE STATEMENT | |
| Title | Modification of the Braking system of SMK Aircraft to Enhance its Effectiveness and Reduce the Braking Distance (With CD) |
| Statement of responsibility, etc. | Abdul Naeem |
| Name of part/section of a work | CAEG-57 (A) |
| 250 ## - EDITION STATEMENT | |
| Edition statement | 1st |
| 260 ## - PUBLICATION, DISTRIBUTION, ETC. | |
| Place of publication, distribution, etc. | Risalpur |
| Name of publisher, distributor, etc. | NUST |
| Date of publication, distribution, etc. | 2003 |
| 300 ## - PHYSICAL DESCRIPTION | |
| Extent | 53p |
| 500 ## - GENERAL NOTE | |
| General note | BE Project Report |
| 942 ## - ADDED ENTRY ELEMENTS (KOHA) | |
| Institution code [OBSOLETE] | CAE NUST |
| Call number prefix | PR-589 |
| Withdrawn status | Lost status | Damaged status | Not for loan | Collection code | Permanent Location | Current Location | Date acquired | Total Checkouts | Full call number | Barcode | Date last seen | Price effective from | Koha item type |
|---|---|---|---|---|---|---|---|---|---|---|---|---|---|
| College of Aeronautical Engineering (CAE) | College of Aeronautical Engineering (CAE) | 04/03/2017 | PR-589 | CAEPR-589 | 04/05/2017 | 04/05/2017 | Book |
